00576 a2200157 4500000002100000001000700021005001700028008004100045082001800086100007700104245012700181260003900308300001000347700003100357700003000388BKB 13656320200902153048.0  a338.954bT32G1 aGlobalisation- inclusive growth and Indian economy : issues and policies1 aGlobalisation- inclusive growth and Indian economy : issues and policiescedited by Anil Kumar Thakur and Paramanand Singh aNew DelhibRegal Publicationc2010 a535p. aThakur, Anil Kumar ed.bc aSingh, Paramanand ed.bc